[Event "GM tournament"]
[Site "Linares ESP"]
[Date "1994.??.??"]
[Round "7"]
[White "Topalov, Veselin"]
[Black "Kramnik, Vladimir"]
[Result "1-0"]
[WhiteElo "2640"]
[BlackElo "2710"]
[EventDate "1994.02.??"]

1.e4 c5 2.Cf3 Cc6 3.d4 cxd4 4.Cxd4 Cf6 5.Cc3 d6 6.f3 e5 7.Cb3 Fe7 8.Fe3 
Fe6 9.Cd5 Fxd5 10.exd5 Cb4 11.c4 a5 12.Cd2 Cd7 13.Ce4 f5 14.Cc3 O-O 15.Fe2
Fg5 16.Ff2 Df6 17.O-O Ca6 18.Fd3 Dh6 19.De2 Tae8 20.Fc2 Cac5 21.g3 e4 22.
f4 Fd8 23.a3 Cf6 24.Rg2 Fb6 25.Fg1 Ccd7 26.Cb5 Fxg1 27.Txg1 Dg6 28.b4 Tc8 
29.Cxd6 Cxd5 30.Cxc8 Cxf4+ 31.Rf1 Df6 32.Ce7+ Rh8 33.Dd1 Ch3 34.Cd5 Db2 
35.Tg2 f4 36.gxf4 De5 37.Ta2 Cb6 38.Da1 Txf4+ 39.Re1 1-0

[Event "Novgorod"]
[Site "Novgorod RUS"]
[Date "1995.??.??"]
[Round "8"]
[White "Topalov, Veselin"]
[Black "Kramnik, Vladimir"]
[Result "1/2-1/2"]
[WhiteElo "2630"]
[BlackElo "2715"]
[EventDate "1995.05.??"]

1.e4 c5 2.Cf3 Cc6 3.d4 cxd4 4.Cxd4 Cf6 5.Cc3 d6 6.Fg5 e6 7.Dd2 Fe7 8.O-O-O
Cxd4 9.Dxd4 O-O 10.f4 Da5 11.Fc4 Fd7 12.Fb3 Fc6 13.h4 h6 14.Rb1 Dc5 15.Dd3
b5 16.a3 a5 17.f5 b4 18.Fxf6 Fxf6 19.Dxd6 Dxd6 20.Txd6 bxc3 21.Txc6 a4 22.
Fc4 exf5 23.exf5 Tfb8 24.b4 axb3 25.Fxb3 Txa3 26.Th3 Tba8 27.Thxc3 Fxc3 
28.Txc3 Ta1+ 29.Rb2 Tf1 30.g4 Tg1 31.Tc4 Tb8 32.Rc3 Rh7 33.Td4 Tb7 34.h5 
Tf1 35.Fc4 Tf3+ 36.Fd3 Tb8 1/2-1/2

[Event "Amsterdam VSB"]
[Site "Amsterdam NED"]
[Date "1996.??.??"]
[Round "6"]
[White "Kramnik, Vladimir"]
[Black "Topalov, Veselin"]
[Result "1-0"]
[WhiteElo "2775"]
[BlackElo "2700"]
[EventDate "1996.03.??"]

1.Cf3 Cf6 2.c4 c5 3.Cc3 e6 4.g3 b6 5.Fg2 Fb7 6.O-O d6 7.b3 Cbd7 8.Fb2 Fe7 
9.d4 O-O 10.d5 exd5 11.Ch4 g6 12.cxd5 Ce8 13.f4 Cc7 14.e4 b5 15.e5 f5 16.
a4 b4 17.Cb5 Cxb5 18.axb5 Db6 19.Te1 Dxb5 20.Ff1 Db6 21.Fc4 Dd8 22.exd6 
Ff6 23.Dd2 Fxb2 24.Dxb2 Df6 25.Df2 Cb6 26.Tad1 Tfe8 27.Txe8+ Txe8 28.Dxc5 
Dc3 29.Cg2 Te2 30.d7 Cxd7 31.Db5 Txg2+ 32.Rxg2 Dc2+ 33.Fe2 Cb6 34.Rf2 Rg7 
35.d6 Fc6 36.Dxb4 1-0

[Event "?"]
[Site "Dos Hermanas ESP"]
[Date "1996.??.??"]
[Round "2"]
[White "Topalov, Veselin"]
[Black "Kramnik, Vladimir"]
[Result "1/2-1/2"]
[WhiteElo "2700"]
[BlackElo "2775"]
[EventDate "1996.05.??"]

1.e4 c5 2.Cf3 Cc6 3.d4 cxd4 4.Cxd4 Cf6 5.Cc3 d6 6.Fc4 Db6 7.Cdb5 Fg4 8.f3 
Fd7 9.De2 a6 10.Fe3 Da5 11.Cd4 b5 12.Fb3 e6 13.O-O-O b4 14.Cb1 Fe7 15.g4 
Cxd4 16.Txd4 e5 17.Tdd1 Fe6 18.Cd2 Fxb3 19.cxb3 d5 20.exd5 Dxa2 21.Cc4 
Dxb3 22.Rb1 Tc8 23.Td3 Dxc4 24.Tc1 Dxc1+ 25.Fxc1 Fd6 26.f4 e4 27.g5 O-O 
28.Td1 Cd7 29.Dxa6 Fc5 30.Db5 Tc7 31.d6 Ta7 32.b3 e3 33.Fb2 Te8 34.f5 Fxd6
35.g6 hxg6 36.fxg6 Te6 37.gxf7+ Rxf7 38.Dh5+ Rg8 39.Fxg7 e2 40.Dh8+ Rf7 
41.Te1 Ta3 42.Dh5+ Rxg7 43.Tg1+ Fg3 44.Dg4+ 1/2-1/2

[Event "?"]
[Site "Dortmund GER"]
[Date "1996.??.??"]
[Round "9"]
[White "Topalov, Veselin"]
[Black "Kramnik, Vladimir"]
[Result "1/2-1/2"]
[WhiteElo "2750"]
[BlackElo "2765"]
[EventDate "1996.07.??"]

1.d4 d5 2.c4 c6 3.Cf3 Cf6 4.Cc3 e6 5.Fg5 dxc4 6.e4 b5 7.e5 h6 8.Fh4 g5 9.
Cxg5 hxg5 10.Fxg5 Cbd7 11.exf6 Fb7 12.g3 c5 13.d5 Db6 14.Fg2 O-O-O 15.O-O 
b4 16.Tb1 Da6 17.dxe6 Fxg2 18.e7 Fxf1 19.Dd5 Fxe7 20.fxe7 Fd3 21.Ce4 Fxb1 
22.Cd6+ Rc7 23.Ff4 Rb6 24.Cxc4+ Rb5 25.Cd6+ Rb6 26.exd8=F+ Txd8 27.Cc4+ 
Rb5 28.Cd6+ Rb6 29.Cc4+ Rb5 1/2-1/2

[Event "Novgorod"]
[Site "Novgorod RUS"]
[Date "1996.??.??"]
[Round "1"]
[White "Kramnik, Vladimir"]
[Black "Topalov, Veselin"]
[Result "1/2-1/2"]
[WhiteElo "2765"]
[BlackElo "2750"]
[EventDate "1996.07.??"]

1.Cf3 Cf6 2.c4 g6 3.Cc3 Fg7 4.e4 d6 5.d4 O-O 6.Fe2 e5 7.O-O Cc6 8.d5 Ce7 
9.b4 Ch5 10.Te1 f5 11.c5 Cf6 12.Fg5 h6 13.Fxf6 Fxf6 14.Tc1 Rh8 15.a4 a6 
16.a5 Fd7 17.Fd3 Cg8 18.cxd6 cxd6 19.Ca4 Tc8 20.Txc8 Fxc8 21.Cb6 fxe4 22.
Txe4 Ff5 23.Tc4 Tf7 24.Dc2 Fg7 25.Cd2 Ff8 26.h3 Rg7 27.Ce4 Cf6 28.Cg3 Fxd3
29.Dxd3 h5 30.Ce4 Cxe4 31.Dxe4 Rh7 32.Dc2 Fh6 33.Ca4 Df6 34.Tc7 Txc7 35.
Dxc7+ Fg7 36.Cc3 Df4 37.g3 Dc1+ 38.Rg2 Dc2 39.h4 e4 40.Cb5 Dd2 41.Cxd6 e3 
42.Df7 exf2 43.Ce8 f1=D+ 44.Rxf1 Dd1+ 45.Rf2 1/2-1/2

[Event "Novgorod"]
[Site "Novgorod RUS"]
[Date "1996.??.??"]
[Round "6"]
[White "Topalov, Veselin"]
[Black "Kramnik, Vladimir"]
[Result "1-0"]
[WhiteElo "2750"]
[BlackElo "2765"]
[EventDate "1996.07.??"]

1.e4 c5 2.Cf3 Cc6 3.d4 cxd4 4.Cxd4 Cf6 5.Cc3 d6 6.Fc4 Db6 7.Cxc6 bxc6 8.
O-O e6 9.De2 Cd7 10.b3 Fe7 11.Fb2 O-O 12.Ca4 Dc7 13.f4 Fb7 14.Tad1 Tae8 
15.Td3 c5 16.Fb5 Fc6 17.Fxc6 Dxc6 18.c4 Td8 19.Tfd1 Tfe8 20.Df3 Dc7 21.Dg3
Cf6 22.Cc3 a6 23.Dh3 Dc6 24.Tg3 Rh8 25.Te1 Dc8 26.Tee3 Tg8 27.Cd1 Td7 28.
f5 e5 29.Cc3 Fd8 30.Cd5 h6 31.Fc1 Cxd5 32.exd5 Ff6 33.Te4 Df8 34.Teg4 1-0

[Event "Millenium"]
[Site "Vienna AUT"]
[Date "1996.??.??"]
[Round "8"]
[White "Kramnik, Vladimir"]
[Black "Topalov, Veselin"]
[Result "1/2-1/2"]
[WhiteElo "2765"]
[BlackElo "2750"]
[EventDate "1996.08.09"]

1.Cf3 Cf6 2.c4 g6 3.g3 Fg7 4.Cc3 O-O 5.Fg2 d6 6.O-O e5 7.d3 h6 8.Tb1 a5 9.
a3 Te8 10.b4 axb4 11.axb4 e4 12.Ce1 Ff5 13.Cc2 exd3 14.exd3 Dc8 15.Ce3 Fe6
16.Fb2 Cc6 17.Ccd5 Fxd5 18.cxd5 Ca7 19.Ta1 Cb5 20.Ta5 b6 21.Txa8 Dxa8 22.
Dc2 Te7 23.d4 Ca7 24.Ta1 b5 25.Dc6 Db8 26.Da6 Cc8 27.Da8 Dxa8 28.Txa8 Te8 
29.Ff1 Cb6 30.Txe8+ Cxe8 31.Fxb5 Cf6 32.Fc6 h5 33.Rf1 Cg4 34.h3 Cxe3+ 35.
fxe3 f5 36.Re2 Fh6 37.Rd3 Rf7 38.Fc3 Fg5 39.Fe1 Rf6 40.Ff2 Rf7 41.Fe1 Re7 
42.e4 fxe4+ 43.Rxe4 Cd7 44.Rd3 Cb6 45.Fb7 Fh6 46.Re4 Cd7 47.Fc6 Fg5 48.Rf3
Cb6 49.Fc3 h4 50.gxh4 Fxh4 51.Rf4 Rf6 52.Re4 Fg5 53.Fb5 Fc1 54.Fe1 Re7 55.
Fh4+ g5 56.Fe1 Rf6 57.Fe2 Rg6 58.Fg4 Rf6 59.Ff3 Rg6 60.Rd3 Ff4 61.Re4 Fc1 
62.Fg4 Rf6 63.Fe6 Rg6 64.Rd3 Rf6 65.b5 Ff4 66.Rc3 Fe3 67.Rd3 Fc1 68.Rc2 
Ff4 69.Rb3 Re7 70.Rb4 Re8 71.Rb3 Fe3 72.Rc3 Re7 73.Rd3 Fc1 74.Fa5 Rf6 75.
Re4 Rg6 76.Rf3 Fb2 77.Rg4 Fc1 78.Ff5+ Rf6 79.Fe4 Fe3 1/2-1/2

[Event "It"]
[Site "Dos Hermanas ESP"]
[Date "1997.04.11"]
[Round "9"]
[White "Topalov, Veselin"]
[Black "Kramnik, Vladimir"]
[Result "1/2-1/2"]
[WhiteElo "2725"]
[BlackElo "2740"]
[EventDate "1997.04.01"]

1.d4 d5 2.c4 c6 3.Cf3 Cf6 4.Cc3 e6 5.e3 Cbd7 6.Dc2 Fd6 7.Fd3 O-O 8.O-O 
dxc4 9.Fxc4 a6 10.Fd2 c5 11.Fd3 h6 12.Tad1 cxd4 13.exd4 Dc7 14.Tc1 Db8 15.
Tfe1 b5 16.Ce4 Fb7 17.Cxd6 Dxd6 18.Dc7 Dxc7 19.Txc7 Tab8 20.Fa5 Tfc8 21.
Tec1 Cd5 22.Txc8+ Txc8 23.Txc8+ Fxc8 24.Ce5 Cb8 25.Fe4 f6 26.Fxd5 exd5 27.
Fc7 fxe5 28.Fxb8 1/2-1/2

[Event "Novgorod"]
[Site "Novgorod RUS"]
[Date "1997.??.??"]
[Round "1"]
[White "Kramnik, Vladimir"]
[Black "Topalov, Veselin"]
[Result "1-0"]
[WhiteElo "2740"]
[BlackElo "2725"]
[EventDate "1997.06.11"]

1.Cf3 Cf6 2.c4 g6 3.Cc3 Fg7 4.e4 d6 5.d4 O-O 6.Fe2 e5 7.O-O Ca6 8.Fe3 Cg4 
9.Fg5 f6 10.Fc1 Rh8 11.h3 Ch6 12.dxe5 dxe5 13.Dxd8 Txd8 14.Fe3 Fe6 15.a3 
Cf7 16.b4 c6 17.Tfd1 Txd1+ 18.Txd1 Cc7 19.Cd2 Ff8 20.Tb1 b6 21.c5 b5 22.a4
bxa4 23.Cxa4 f5 24.exf5 gxf5 25.Cc4 Cd5 26.Fd2 e4 27.Ca5 Tc8 28.Fa6 Tc7 
29.Cc3 Cxc3 30.Fxc3+ Fg7 31.Fd2 Fa2 32.Tc1 Fe5 33.Cc4 Fxc4 34.Fxc4 Rg7 35.
b5 cxb5 36.Fxb5 Fd4 37.c6 Rf6 38.Td1 Fe5 39.Fa5 Te7 40.Fc4 f4 41.Td7 1-0

[Event "Novgorod"]
[Site "Novgorod RUS"]
[Date "1997.??.??"]
[Round "6"]
[White "Topalov, Veselin"]
[Black "Kramnik, Vladimir"]
[Result "1/2-1/2"]
[WhiteElo "2725"]
[BlackElo "2740"]
[EventDate "1997.06.11"]

1.e4 c5 2.Cf3 Cc6 3.d4 cxd4 4.Cxd4 Cf6 5.Cc3 d6 6.Fc4 Db6 7.Cxc6 bxc6 8.
O-O g6 9.e5 dxe5 10.De2 Dd4 11.Fe3 Dd6 12.Tad1 Dc7 13.f4 Fg4 14.Df2 e4 15.
Tde1 Ff5 16.h3 h5 17.Fd4 Fg7 18.b3 O-O 19.Fxf6 Fxf6 20.Cxe4 Fxe4 21.Txe4 
Db6 1/2-1/2

[Event "It"]
[Site "Dortmund GER"]
[Date "1997.??.??"]
[Round "8"]
[White "Kramnik, Vladimir"]
[Black "Topalov, Veselin"]
[Result "1/2-1/2"]
[WhiteElo "2770"]
[BlackElo "2745"]
[EventDate "1997.07.04"]

1.Cf3 Cf6 2.c4 g6 3.Cc3 Fg7 4.e4 d6 5.d4 O-O 6.Fe2 e5 7.O-O Cc6 8.d5 Ce7 
9.b4 a5 10.Fa3 axb4 11.Fxb4 Cd7 12.a4 Fh6 13.a5 f5 14.Cd2 Rh8 15.Fd3 Tf6 
16.Ca4 Tf7 17.c5 dxc5 18.Fc3 fxe4 19.Fxe4 Cf5 20.Cc4 Cd6 21.Cxe5 Cxe5 22.
Fxe5+ Fg7 23.Fxg7+ Txg7 24.Cxc5 b6 25.Ce6 Fxe6 26.dxe6 Cxe4 27.axb6 cxb6 
28.Te1 Cc3 29.e7 Cxd1 30.exd8=F Txd8 31.Texd1 Txd1+ 32.Txd1 Tb7 33.Rf1 b5 
34.Tb1 Rg7 35.Re2 Rf6 36.Rd3 1/2-1/2

[Event "Hoogovens Blitz"]
[Site "Wijk aan Zee NED"]
[Date "1998.01.19"]
[Round "10"]
[White "Kramnik, Vladimir"]
[Black "Topalov, Veselin"]
[Result "1-0"]
[WhiteElo "2790"]
[BlackElo "2740"]
[EventDate "1998.01.19"]

1.e4 e6 2.d4 d5 3.exd5 exd5 4.Cf3 Cf6 5.Fg5 c6 6.Fd3 De7+ 7.Rf1 h6 8.Fh4 
Dd8 9.De2+ Fe6 10.Ce5 Fe7 11.Cg6 Tg8 12.Cf4 Dd7 13.Cxe6 Dxe6 14.Dxe6 fxe6 
15.Fg6+ Rd7 16.Cd2 c5 17.Te1 Tf8 18.dxc5 Fxc5 19.Cf3 Cc6 20.Fg3 Fd6 21.Fd3
a6 22.c3 Tae8 23.Fg6 Td8 24.Rg1 Fxg3 25.hxg3 Rd6 26.Fc2 b5 27.Ch4 b4 28.
Cg6 Tfe8 29.Fa4 bxc3 30.bxc3 Tc8 31.Th4 e5 32.c4 d4 33.c5+ Rxc5 34.Fxc6 
Txc6 35.Cxe5 Rd5 36.Txd4+ Rxd4 37.Cxc6+ Rc3 38.Tb1 Te6 39.Tb3+ Rd2 40.Tb2+
Rc1 41.Tc2+ Rd1 42.Tc4 h5 43.f3 Rd2 44.Cd4 Te1+ 45.Rh2 Rd3 46.Ta4 Cd5 47.
Cf5 Rc3 48.Txa6 Te2 49.Cxg7 Ce3 50.Cxh5 Txg2+ 51.Rh3 Tg1 52.Rh4 1-0

[Event "SuperGM"]
[Site "Linares ESP"]
[Date "1998.02.23"]
[Round "2"]
[White "Topalov, Veselin"]
[Black "Kramnik, Vladimir"]
[Result "0-1"]
[WhiteElo "2740"]
[BlackElo "2790"]
[EventDate "1998.02.22"]

1.d4 Cf6 2.c4 e6 3.Cf3 d5 4.Cc3 Fe7 5.Fg5 h6 6.Fh4 O-O 7.e3 b6 8.Fe2 Fb7 
9.Fxf6 Fxf6 10.cxd5 exd5 11.b4 c6 12.O-O a5 13.b5 c5 14.Te1 Te8 15.Tc1 Cd7
16.g3 Cf8 17.Ca4 c4 18.Ff1 Dd6 19.Fg2 Tad8 20.h4 Ce6 21.Cc3 g6 22.Cd2 Fa8 
23.h5 g5 24.Cf1 Fe7 25.g4 Dd7 26.Cg3 Cg7 27.a4 Fb4 28.Fh3 Fb7 29.Dc2 Fd6 
30.Cf5 Cxf5 31.gxf5 Fb4 32.Rg2 Dd6 33.f3 Te7 34.Te2 Tde8 35.Tce1 Df6 36.
Fg4 Fd6 37.Dd1 Fb4 38.Dc2 Td8 39.Td1 Fc8 40.e4 Fxc3 41.e5 Txe5 42.dxe5 
Fxe5 43.Tde1 Fc7 44.Te8+ Rg7 45.Txd8 Fxd8 46.Td1 Fb7 47.f4 d4+ 48.Ff3 d3 
0-1

[Event "SuperGM"]
[Site "Linares ESP"]
[Date "1998.??.??"]
[Round "9"]
[White "Kramnik, Vladimir"]
[Black "Topalov, Veselin"]
[Result "1/2-1/2"]
[WhiteElo "2790"]
[BlackElo "2740"]
[EventDate "1998.02.22"]

1.Cf3 Cf6 2.c4 c5 3.Cc3 d5 4.cxd5 Cxd5 5.d4 Cxc3 6.bxc3 g6 7.e4 Fg7 8.Tb1 
O-O 9.Fe2 cxd4 10.cxd4 Da5+ 11.Fd2 Dxa2 12.O-O Fg4 13.Fe3 Cc6 14.d5 Fxf3 
15.Fxf3 Ce5 16.Fe2 Cc4 17.Fg5 Cd6 18.Fxe7 Cxe4 19.Ff3 Cd2 20.De2 Tfe8 21.
d6 Cxf3+ 22.Dxf3 Ff8 23.Txb7 a5 24.h4 a4 25.Td1 De6 26.Fg5 h6 27.d7 hxg5 
28.dxe8=D Txe8 29.hxg5 a3 30.g3 a2 31.Rg2 Td8 32.Te1 Dc4 33.Ta7 Td3 34.Da8
Td2 35.Df3 Td3 36.Da8 Td2 37.Ta4 Dc5 38.Tf1 Dc2 39.Ta7 Db3 40.Df3 Dxf3+ 
41.Rxf3 Fc5 42.Ta8+ Rg7 43.Ta1 Txf2+ 44.Rg4 Td2 45.Ta4 Fb6 46.T1xa2 Td5 
47.Rh4 Fd8 48.Tg4 Td1 49.Th2 Rg8 50.Te4 Td5 51.Te8+ Rg7 52.Tb2 Fxg5+ 53.
Rg4 Td4+ 54.Rh3 Td7 55.Tbb8 Ff6 1/2-1/2

[Event "Tilburg Fontys"]
[Site "Tilburg NED"]
[Date "1998.10.28"]
[Round "5"]
[White "Topalov, Veselin"]
[Black "Kramnik, Vladimir"]
[Result "1/2-1/2"]
[WhiteElo "2700"]
[BlackElo "2780"]
[EventDate "1998.10.??"]

1.e4 e5 2.Cf3 Cf6 3.Cxe5 d6 4.Cf3 Cxe4 5.d4 d5 6.Fd3 Cc6 7.O-O Fe7 8.c4 
Cb4 9.Fe2 O-O 10.Cc3 Fe6 11.Fe3 Ff5 12.Db3 c6 13.c5 Cxc3 14.bxc3 Cc2 15.
Dxb7 Cxa1 16.Txa1 De8 17.Da6 f6 18.Ce1 Dc8 19.Dxc8 Fxc8 20.Ff4 Fd8 21.Cc2 
Te8 22.Fd3 a5 23.Ce3 Ta7 24.Cf5 Fxf5 25.Fxf5 a4 26.Rf1 Fa5 27.Tc1 a3 28.
Tc2 g6 29.Fd3 Tb7 30.Fc1 Tb1 31.g3 Teb8 32.Re2 T1b2 33.Rd2 Rf7 34.Fe2 f5 
35.Rd3 g5 36.Fd1 Rf6 37.h3 h6 38.Ff3 Rg6 39.g4 Fc7 40.gxf5+ Rf6 41.Te2 
Txe2 42.Fxe2 Ff4 43.Fxa3 Ta8 44.Fb2 Txa2 45.Rc2 Rxf5 46.Ff3 Ta6 1/2-1/2

[Event "Hoogovens 5'"]
[Site "Wijk aan Zee NED"]
[Date "1999.01.18"]
[Round "1"]
[White "Topalov, Veselin"]
[Black "Kramnik, Vladimir"]
[Result "1/2-1/2"]
[WhiteElo "2700"]
[BlackElo "2751"]
[EventDate "1999.??.??"]

1.c4 c5 2.Cf3 Cf6 3.g3 b6 4.Fg2 Fb7 5.O-O g6 6.d4 cxd4 7.Dxd4 Fg7 8.Cc3 d6
9.Td1 Cbd7 10.Fe3 O-O 11.Dh4 Tc8 12.Tac1 a6 13.b3 Tc7 14.Fh6 Da8 15.Fxg7 
Rxg7 16.Dd4 b5 17.cxb5 axb5 18.Cxb5 Txc1 19.Txc1 Dxa2 20.Cc3 Da3 21.Tb1 
Tc8 22.Cd2 e5 23.Da4 Dxa4 24.Cxa4 Fxg2 25.Rxg2 d5 26.Cf3 d4 27.b4 Cd5 28.
Tb2 f6 29.h4 Rf7 30.Td2 Cxb4 31.Cxd4 Cc5 32.Cb5 Re7 33.Cd6 Tc6 34.Cxc5 
Txc5 35.Ce4 Tc4 36.f3 Cc6 37.Ta2 f5 38.Cg5 h6 39.Ch3 1/2-1/2

[Event "Amber Blindfold"]
[Site "Monaco MNC"]
[Date "2000.03.19"]
[Round "4"]
[White "Topalov, Veselin"]
[Black "Kramnik, Vladimir"]
[Result "1/2-1/2"]
[WhiteElo "2702"]
[BlackElo "2758"]
[EventDate "2000.03.16"]

1.e4 c5 2.Cf3 Cc6 3.d4 cxd4 4.Cxd4 Cf6 5.Cc3 d6 6.Fg5 e6 7.Dd2 a6 8.O-O-O 
Fe7 9.f4 Cxd4 10.Dxd4 b5 11.Fxf6 gxf6 12.Fe2 Dc7 13.f5 Dc5 14.Dxc5 dxc5 
15.Thf1 Ta7 16.a4 b4 17.Cb1 Td7 18.Txd7 Rxd7 19.Cd2 h5 20.Cc4 Rc7 21.b3 
exf5 22.exf5 Fd6 23.Cxd6 Rxd6 24.Tf4 a5 25.g3 Re5 26.Th4 Fxf5 27.Txh5 Txh5
28.Fxh5 Fg6 29.Fe2 f5 30.Rd2 f4 31.g4 Re4 32.h4 f3 33.Fd3+ Rf4 34.Fxg6 
fxg6 35.h5 Rg3 36.hxg6 f2 37.g7 f1=D 38.g8=D Df4+ 39.Re2 1/2-1/2

[Event "Amber Rapidplay"]
[Site "Monaco MNC"]
[Date "2000.03.19"]
[Round "4"]
[White "Kramnik, Vladimir"]
[Black "Topalov, Veselin"]
[Result "0-1"]
[WhiteElo "2758"]
[BlackElo "2702"]
[EventDate "2000.03.16"]

1.d4 Cf6 2.Cf3 c5 3.d5 b5 4.Fg5 Ce4 5.Fh4 Fb7 6.Dd3 f5 7.Cbd2 c4 8.Dd4 Ca6
9.c3 Cxd2 10.Dxd2 Db6 11.O-O-O g6 12.Dd4 Tg8 13.e4 Fg7 14.Dxb6 axb6 15.
exf5 gxf5 16.Te1 Cc5 17.Txe7+ Rf8 18.Cd4 Txa2 19.Cxf5 Fxd5 20.Cd6 Ta1+ 21.
Rc2 Fh6 22.Te8+ Rg7 23.Txg8+ Fxg8 24.Cf5+ Rg6 25.Cxh6 Cb3 26.Fxc4 Fxc4 27.
Txa1 Cxa1+ 28.Rb1 Cb3 29.Cg4 Rh5 30.Cf6+ Rxh4 31.Cxh7 Fd3+ 32.Ra2 Cc1+ 33.
Ra3 Fxh7 0-1

[Event "SU"]
[Site "?"]
[Date "1988.??.??"]
[Round "?"]
[White "Topalov, Veselin"]
[Black "Lukov, Valentin"]
[Result "0-1"]
[WhiteElo "2745"]
[BlackElo "2465"]
[EventDate "1988.??.??"]

1.d4 Cf6 2.Cf3 e6 3.c4 c5 4.d5 exd5 5.cxd5 d6 6.Cc3 g6 7.Cd2 Fg7 8.e4 O-O 
9.Fe2 Ca6 10.O-O De7 11.f4 Cc7 12.Te1 Te8 13.Rh1 b5 14.Cxb5 Ccxd5 15.Cf3 
a6 16.exd5 Ce4 17.Rg1 axb5 18.Fxb5 Fd7 19.Txe4 Dxe4 20.Fxd7 Teb8 21.Dd2 
Ta3 22.Rf2 c4 23.De2 Dxd5 24.Cd2 Fxb2 25.Cxc4 Fd4+ 26.Fe3 Tc3 27.Fc6 Txe3 
28.Cxe3 Dxc6 0-1

[Event "Open"]
[Site "Forli ITA"]
[Date "1988.??.??"]
[Round "?"]
[White "Garcia Palermo, Carlos"]
[Black "Topalov, Veselin"]
[Result "1/2-1/2"]
[WhiteElo "2455"]
[BlackElo "2300"]
[EventDate "1988.06.??"]

1.d4 d6 2.Fg5 g6 3.c3 Fg7 4.e4 Cf6 5.Cd2 O-O 6.Cgf3 c5 7.dxc5 dxc5 8.Fc4 
Cc6 9.O-O Dc7 10.Te1 Ca5 11.Ff1 Fe6 12.b4 cxb4 13.cxb4 Cc6 14.b5 Ce5 15.
Tc1 Cxf3+ 16.Dxf3 Da5 17.Cb3 Dxa2 18.Cc5 Tac8 19.Te2 Da5 20.Cxe6 Txc1 21.
Fxc1 fxe6 22.Db3 Rf7 23.g3 Tc8 24.Fb2 Db6 25.e5 Cd5 26.Te4 Fh6 27.Fc4 a6 
28.Fxd5 exd5 29.Th4 Tc5 30.Df3+ Rg8 31.Txh6 Txb5 32.e6 Dxe6 33.Dc3 d4 34.
Dxd4 De1+ 35.Rg2 e5 36.Dd8+ Rg7 37.De7+ Rxh6 1/2-1/2

[Event "Open"]
[Site "Forli ITA"]
[Date "1988.??.??"]
[Round "?"]
[White "Strikovic, Aleksa"]
[Black "Topalov, Veselin"]
[Result "0-1"]
[WhiteElo "2450"]
[BlackElo "2300"]
[EventDate "1988.06.??"]

1.e4 c5 2.c3 Cf6 3.e5 Cd5 4.d4 cxd4 5.Cf3 b6 6.Cxd4 e6 7.c4 Cc7 8.Df3 Fc5 
9.Fe3 O-O 10.Fd3 d5 11.exd6 Dxd6 12.Cb5 Cxb5 13.Fxc5 Dxc5 14.Dxa8 Cc6 15.
Fe4 Cbd4 16.Fxc6 Cxc6 17.O-O Fa6 18.b4 Dxc4 19.Ca3 Txa8 20.Cxc4 Fxc4 21.
Tfc1 Fd5 22.a3 Rf8 23.f3 Re8 24.Rf2 Rd7 25.Re3 a5 26.b5 Ce7 27.Tc2 Tc8 28.
Tac1 Txc2 29.Txc2 Cf5+ 30.Rd3 Cd6 31.a4 Cb7 0-1

[Event "Open"]
[Site "Forli ITA"]
[Date "1988.??.??"]
[Round "?"]
[White "Topalov, Veselin"]
[Black "Braga, Fernando"]
[Result "1/2-1/2"]
[WhiteElo "2300"]
[BlackElo "2425"]
[EventDate "1988.06.??"]

1.d4 Cf6 2.Cf3 d5 3.c4 c6 4.Cc3 dxc4 5.a4 Ff5 6.e3 e6 7.Fxc4 Fb4 8.O-O 
Cbd7 9.Ch4 O-O 10.f3 Da5 11.Ca2 c5 12.Cxf5 exf5 13.Cxb4 Dxb4 14.b3 Tfe8 
1/2-1/2

[Event "Open"]
[Site "Forli ITA"]
[Date "1988.??.??"]
[Round "?"]
[White "Topalov, Veselin"]
[Black "Granda Zuniga, Julio E"]
[Result "0-1"]
[WhiteElo "2300"]
[BlackElo "2540"]
[EventDate "1988.06.??"]

1.d4 Cf6 2.Cf3 e6 3.c4 c5 4.d5 exd5 5.cxd5 d6 6.Cc3 g6 7.Cd2 Fg7 8.e4 O-O 
9.Fe2 Te8 10.O-O Ca6 11.f4 Tb8 12.Ff3 Cb4 13.Fe2 c4 14.Fxc4 Cg4 15.Da4 
Fd4+ 16.Rh1 Cxh2 17.g3 Cxf1 18.Fxf1 Fc5 19.a3 Ca6 20.Dc4 Df6 21.e5 Dg7 22.
Cf3 Fg4 23.Ch2 Ff5 24.g4 Fd7 25.Ce4 dxe5 26.Cxc5 Cxc5 27.Dxc5 exf4 28.Fxf4
Dxb2 29.Dc1 Dxc1 30.Txc1 Tbc8 31.Tb1 b6 32.d6 f6 33.Fb5 Fxb5 34.Txb5 g5 
35.Fg3 Te3 36.Rg2 Tc2+ 37.Rh3 Txa3 38.Tf5 Tcc3 39.Cf1 Rf7 40.Tf2 Tf3 41.
Rg2 Txf2+ 42.Rxf2 Re6 43.Ce3 Td3 44.Cf5 a5 45.Re2 Td5 46.Cg7+ Rf7 0-1

[Event "Open"]
[Site "Forli ITA"]
[Date "1988.??.??"]
[Round "?"]
[White "Topalov, Veselin"]
[Black "Mantovani, Renzo"]
[Result "1-0"]
[WhiteElo "2300"]
[BlackElo "2410"]
[EventDate "1988.06.??"]

1.d4 Cf6 2.Cf3 b6 3.c4 e6 4.a3 Fb7 5.Cc3 d5 6.cxd5 Cxd5 7.Dc2 Cxc3 8.bxc3 
Fe7 9.e3 O-O 10.Fd3 h6 11.O-O c5 12.De2 Dc8 13.Fb2 Cc6 14.Tad1 Te8 15.c4 
cxd4 16.exd4 Ff6 17.De4 g6 18.De3 Fg7 19.h4 Ce7 20.h5 Cf5 21.De2 g5 22.Ce5
Dc7 23.Dg4 Ch4 24.f4 f5 25.Dg3 Fxe5 26.dxe5 De7 27.Tf2 Tad8 28.Fc3 Td7 29.
Fb4 Dd8 30.Fd6 Tg7 31.Ff1 gxf4 32.Dxf4 Dg5 33.Td4 Fe4 34.Txe4 fxe4 35.Dxe4
Rh8 36.Dc6 Teg8 37.Ff8 Th7 38.Dxe6 Tc7 39.Fxh6 Dxh5 40.Df6+ Rh7 41.Fd2 Td7
42.e6 Cxg2 43.Fxg2 Tdg7 44.Df4 Dd1+ 45.Rh2 Txg2+ 46.Txg2 Dh5+ 47.Rg1 Dd1+ 
48.Rf2 Txg2+ 49.Rxg2 De2+ 50.Rg3 Dxe6 51.Dh4+ Rg6 52.Dg4+ Rf7 53.Dxe6+ 
Rxe6 54.Rf4 Rd6 55.Fe3 Rc6 56.Re5 b5 57.c5 a6 58.Rd4 a5 59.Fd2 1-0

[Event "Open"]
[Site "Forli ITA"]
[Date "1988.??.??"]
[Round "?"]
[White "Topalov, Veselin"]
[Black "Meduna, Eduard"]
[Result "1/2-1/2"]
[WhiteElo "2300"]
[BlackElo "2505"]
[EventDate "1988.06.??"]

1.d4 Cf6 2.Cf3 d5 3.c4 c6 4.Cc3 dxc4 5.a4 Ff5 6.e3 e6 7.Fxc4 Cbd7 8.O-O 
Fb4 9.Ch4 O-O 10.Cxf5 exf5 11.f3 De7 12.Dc2 g6 13.a5 Tad8 14.Rh1 Ch5 15.
Df2 Cdf6 16.e4 f4 17.g4 fxg3 18.hxg3 Dd7 19.Ce2 Tfe8 20.Dg2 Cg7 21.g4 Ce6 
1/2-1/2

[Event "BG Ch"]
[Site "?"]
[Date "1989.??.??"]
[Round "?"]
[White "Topalov, Veselin"]
[Black "Ninov, Kiril"]
[Result "1/2-1/2"]
[WhiteElo "2745"]
[BlackElo "2470"]
[EventDate "1989.??.??"]

1.d4 d5 2.c4 c6 3.Cc3 dxc4 4.e3 b5 5.a4 b4 6.Ca2 e6 7.Fxc4 Cf6 8.Cf3 Cbd7 
9.Fd2 a5 10.O-O Fb7 11.Cc1 Fe7 12.Cb3 O-O 13.De2 c5 14.Tfd1 Db6 15.Ce5 
Cxe5 16.dxe5 Cd7 17.f4 Fc6 18.Fe1 Db7 19.Cd2 Cb6 20.Fb5 c4 21.Fxc6 Dxc6 
22.Tdc1 Cxa4 23.Dxc4 Dd7 24.Dc7 Dxc7 25.Txc7 Fd8 26.Tc2 Cb6 27.e4 Cd7 28.
Cc4 Tc8 29.Tac1 f6 30.h4 fxe5 31.fxe5 Tc5 32.Ff2 Tb5 33.Fg3 Fb6+ 34.Rh2 b3
35.Td2 Cc5 36.Cxb6 Cxe4 37.Td7 Cxg3 38.Rxg3 Txb6 39.Tcc7 Rh8 40.h5 h6 41.
Txg7 Tg8 42.Txg8+ Rxg8 43.Tc5 a4 44.Ta5 Tb4 45.Rf3 Rf7 46.g4 1/2-1/2

[Event "BUL Ch"]
[Site "Sofia BUL"]
[Date "1989.??.??"]
[Round "?"]
[White "Donchev, Dimitar I"]
[Black "Topalov, Veselin"]
[Result "1-0"]
[WhiteElo "2505"]
[BlackElo "2395"]
[EventDate "1989.??.??"]

1.e4 e6 2.d4 d5 3.Cd2 Cc6 4.Cgf3 Cf6 5.e5 Cd7 6.Fb5 a6 7.Fa4 b5 8.Fb3 f6 
9.exf6 Dxf6 10.Cf1 Fd6 11.Ce3 O-O 12.c3 Ce7 13.O-O Fb7 14.Te1 Cf5 15.Cg4 
Dg6 16.h3 Tae8 17.Fc2 Dh5 18.Cfe5 Fxe5 19.Ch6+ 1-0

[Event "BUL Ch"]
[Site "Sofia BUL"]
[Date "1989.??.??"]
[Round "1"]
[White "Topalov, Veselin"]
[Black "Georgiev, Kiril"]
[Result "0-1"]
[WhiteElo "2395"]
[BlackElo "2590"]
[EventDate "1989.??.??"]

1.d4 Cf6 2.Cf3 e6 3.c4 b6 4.a3 Fa6 5.Dc2 Fb7 6.Cc3 c5 7.d5 exd5 8.cxd5 
Cxd5 9.Fg5 Fe7 10.Ce4 O-O 11.O-O-O Ca6 12.h4 f6 13.Fd2 Cac7 14.e3 Ce6 15.
Fc3 f5 16.Ceg5 Fxg5 17.Cxg5 Cxg5 18.Fc4 Ce4 19.Fxd5+ Fxd5 20.Txd5 De7 21.
Fe5 Tad8 22.Ff4 d6 23.f3 Cf6 24.Txf5 h6 25.h5 d5 26.Td1 d4 27.exd4 cxd4 
28.Rb1 De6 29.Te5 Df7 30.Tf5 Td5 31.Txd5 Cxd5 32.Fc1 Ce3 33.Fxe3 dxe3 34.
De2 Te8 35.g4 Rh8 36.Tg1 Df4 37.Td1 De5 38.Te1 a5 39.Td1 b5 40.f4 Dxf4 41.
Dxb5 De4+ 42.Ra1 e2 43.Te1 Te5 44.Db8+ Rh7 45.Dd6 Te6 46.Dc5 Dxg4 47.Dc2+ 
Te4 48.Dd3 a4 49.Rb1 Rh8 50.Dd8+ Rh7 0-1

[Event "BUL Ch"]
[Site "Sofia BUL"]
[Date "1989.??.??"]
[Round "5"]
[White "Topalov, Veselin"]
[Black "Dimitrov, Vladimir"]
[Result "1/2-1/2"]
[WhiteElo "2395"]
[BlackElo "2420"]
[EventDate "1989.??.??"]

1.d4 Cf6 2.Cf3 g6 3.c4 Fg7 4.Cc3 O-O 5.e4 d6 6.Fe2 e5 7.O-O Ca6 8.Te1 c6 
9.Ff1 exd4 10.Cxd4 Cg4 11.Cf3 Db6 12.Te2 Fe6 13.h3 Ce5 14.Cxe5 dxe5 15.Fe3
Db4 16.c5 Tfd8 17.Td2 Da5 18.Fxa6 Txd2 19.Dxd2 Dxa6 20.Td1 Ff8 21.b3 Fe7 
22.Db2 f6 23.Ca4 Rf7 24.f4 exf4 25.Fxf4 b5 26.cxb6 axb6 27.Tf1 Dd3 28.Fg5 
Txa4 29.Txf6+ Rg8 30.bxa4 1/2-1/2